| 000 | 00601nam a22001817a 4500 | ||
|---|---|---|---|
| 003 | AUA.1 | ||
| 005 | 20251120154633.0 | ||
| 008 | 251120b |||||||| |||| 00| 0 eng d | ||
| 040 | _cJTL | ||
| 100 | _aLottering, Grant | ||
| 245 |
_aThe doctrine of the trinity in Southern African Seventh-day Adventism : _ba historical theological study, 1887-1974 / _cGrant Lottering. |
||
| 260 | _ac2025. | ||
| 300 |
_avi, 150 pages : _c30 cm. |
||
| 610 |
_aSeventh-day Adventist Church _zSouthern Africa |
||
| 650 | _aTrinity | ||
| 650 | _aChurch history | ||
| 942 |
_2aua _cTHESIS _hM Rel _i.L68 2025 |
||
| 999 |
_c25256 _d25256 |
||